000 00583nam a2200181 a 4500
001 000001680
005 20240306115517.0
008 090625s2004 dr 000 0 spa d
020 _a999347925X
040 _aDO-SdBNP
_bspa
_cBNPHU
082 _axxxx
_bH558b
100 1 _aHernández, P. Jesús
_95465
245 0 0 _aBiblioteca Antillense Salesiana (BAS) :
_bpuntualizaciones /
_cP. Jesús Hernández.
260 _aSanto Domingo :
_bBúho,
_c2004.
300 _a97 p. ;
_c22 cm.
610 2 0 _aBiblioteca Antillense Salesiana
_95466
650 4 _aBibliotecas
_zRepública Dominicana
_95467
999 _c1561
_d1561